000 00654nam a22002057a 4500
003 BD-DhJNU
005 20250821034942.0
008 250724b |||||||| |||| 00| 0 eng d
020 _a9840517473
020 _a9789840517473
040 _aBD-DhJNU
_bENG
_cBD-DhJNU
_dBD-DhJNU
082 _223
_a320.54
100 _aBleie, Tone
245 _aTribal peoples, nationalism and the human rights challenge :
_bthe adivasis of Bangladesh /
_cTone Bleie
260 _aDhaka :
_bUniversity Press,
_c2005.
300 _axvii, 390 p. :
_c23 cm
504 _aincludes bibliographical reference and index
650 _aIndigenous peoples
942 _2ddc
_cBK
_n0
999 _c1939
_d1939